000 00483nam a2200193Ia 4500
005 20240823063037.0
008 240823s9999||||xx |||||||||||||| ||und||
041 _aENGLISH
082 _A621.3028 N4
100 _aIndulkar C S
245 3 _aAn Introductio to Electrical Engineering Materials
250 _a4th-R
260 _c1994
_b"S.Chand,New Delhi"
500 _aYES
650 _aElectrical
_bElectrical
700 _a Thiruvengadam S
942 _cBK
999 _c237310
_d237310